| 000 | 00442nam a22001577a 4500 | ||
|---|---|---|---|
| 005 | 20251108165908.0 | ||
| 008 | 250721s1979 xx 000 0 ara d | ||
| 082 | 1 | 4 | _aط/798/خيل |
| 245 | 1 | 0 | _aالخيل / |
| 264 | 1 |
_aبيروت : _bمكدونالد الشرق الأوسط، _c1979. |
|
| 300 | _a24ص؛مص | ||
| 490 | 0 | _aالعالم بين يديك : منوعات ؛28 | |
| 650 | 1 | 7 | _aالخيل |
| 942 |
_2ddc _cBK |
||
| 999 |
_c34157 _d34157 |
||